000 00479nam a22001457a 4500
999 _c12751
_d12751
008 190131b ||||| |||| 00| 0 eng d
022 _a2094-8042
082 _2DPer 370.105 M72 Jan-Dec 2011 v59-60
100 _936198
_aRoyeca, Jon E.
245 _aThe first fall of Maynilad/
_cJon E. Royeca.
260 _aPhilippines:
_bIn the Grade School, Inc.,
_cc2011.
300 _av60 n3, pages 107-108:
_billustrations;
_c27cm.
650 _aShort stories.
_936199
942 _2ddc
_cPER